| 000 | 00664nam a2200229 i 4500 | ||
|---|---|---|---|
| 001 | bgj | ||
| 100 | 1 | _aWILKIE, Brian. | |
| 245 | 1 | 0 |
_aLiterature of the Western world : _bneoclassicism through the modern period. _nVol. 2 / _cBrian Wilkie, James Hurt. |
| 250 | _a2nd edition. | ||
| 260 |
_aNew York : _bMacmillan Publishing Company, _cc. 1988. |
||
| 300 |
_aXXIV, 2328 pp ; _c24 cm. |
||
| 505 | _aIncludes index. | ||
| 650 | 9 | _aLiterature | |
| 655 | _aCollections | ||
| 700 | 1 |
_aHURT, James. _eco-author |
|
| 020 | _a0024278106 | ||
| 040 | _cBPK | ||
| 041 | 0 | _aeng | |
| 920 | _a0-02-427810-6 | ||
| 942 | _cKS | ||
| 008 | s uk f |000 0 eng | ||
| 999 |
_c47591 _d47591 |
||
| 856 |
_uhttp://koha.tu.koszalin.pl/cgi-bin/koha/opac-detail.pl?biblionumber=47591 _yKatalog online BPK |
||